Handbook on Relieving Neck and Back Pain Due to Long Sitting Jobs/ (Record no. 188882)

MARC details
000 -LEADER
fixed length control field 00572nam a22001817a 4500
005 - DATE AND TIME OF LATEST TRANSACTION
control field 20220607111428.0
010 ## - LCCN (DPL NO)
LC control number ENG-133059
020 ## - INTERNATIONAL STANDARD BOOK NUMBER
International Standard Book Number 9788194318040
Terms of availability 120.00
035 ## - SYSTEM CONTROL NUMBER
System control number EN-116591
037 ## - SOURCE OF ACQUISITION
Source of stock number/acquisition DBAD/PUB
082 ## - DEWEY DECIMAL CLASSIFICATION NUMBER
Classification number 155.28
100 ## - MAIN ENTRY--PERSONAL NAME
Personal name Bahl, Gitanjali
245 ## - TITLE STATEMENT
Title Handbook on Relieving Neck and Back Pain Due to Long Sitting Jobs/
Statement of responsibility, etc Gitanjali Bahl
260 ## - PUBLICATION, DISTRIBUTION, ETC. (IMPRINT)
Place of publication, distribution, etc Delhi NCR
Name of publisher, distributor, etc Orangebooks Publication
Date of publication, distribution, etc 2019
270 ## - ADDRESS
Address Vishwavidyalaya Marg, Civil Lines
City Delhi NCR
Postal code 110054
300 ## - PHYSICAL DESCRIPTION
Extent 41p.
Dimensions 20cm(pbk)
942 ## - ADDED ENTRY ELEMENTS (KOHA)
Source of classification or shelving scheme Dewey Decimal Classification
Item type English Books
Call number suffix BAH
Classification part 155.28
Holdings
Withdrawn status Lost status Not for loan Collection code Home library Current library Date acquired Source of acquisition Cost, normal purchase price Full call number Barcode Copy number Cost, replacement price Koha item type
      Non-fiction Ashok Vihar Ashok Vihar 07/06/2022 DBAD/PUB 120.00 155.28 BAH EN-116591 1 120.00 English Books

© Delhi Public Library
Hit Counter
free hit counter